Jean, Jacques ou Jean-Jacques - Clic Quiz - Statistiques

Statistiques générales
  • Ce quiz a été pris 331 fois
    322 depuis la dernière actualisation
  • Le résultat moyen est 20 sur 25
Statistiques - réponses
Hint Réponse % Correct
Brel Jacques
99%
De la Fontaine Jean
99%
Chirac Jacques
98%
Dujardin Jean
98%
Prévert Jacques
97%
Moulin Jean
97%
Goldman Jean-Jacques
96%
Dutronc Jacques
95%
Castex Jean
95%
Gabin Jean
91%
Rousseau Jean-Jacques
87%
Cocteau Jean
82%
Villeret Jacques
76%
Villeneuve Jacques
73%
Weber Jacques
72%
Bourdin Jean-Jacques
71%
Higelin Jacques
70%
Legros Jacques
69%
Pradel Jacques
63%
Alési Jean
63%
Anouilh Jean
63%
Tigana Jean
59%
Lefebvre Jean
58%
Debout Jean-Jacques
53%
Poiret Jean
52%
Aucun quiz correspondant
Distribution des résultats
% des personnes avec chaque résultat
Percentile par nombre de réponses
Votre historique - résultats
Vous n’avez pas pris ce quiz depuis la dernière actualisation